000 01724nam a2200421Ii 4500
001 DIGUNIMAG0187
003 NyNyDIG
006 m o d
007 cr |||||||||||
008 241208s2024 ck ob 000 0 spa d
035 _a(OCoLC)1472980786
040 _aDGITA
_beng
_erda
_epn
_cDGITA
020 _a9789587467475
_q(pdf)
020 _a9789587467482
_q(ePub)
020 _z9789587467468
_q(impreso)
050 1 4 _aPQ8180.17.A73 ebook
245 0 3 _aLa trastienda de Melquíades :
_bartefactos para releer a García Márquez /
_cRicardo Adrián Tete Mieles, compilador.
250 _aPrimera edición.
264 1 _aSanta Marta, Colombia :
_bEditorial Unimagdalena,
_c[2024]
300 _a1 online resource.
336 _atext
_btxt
_2rdacontent
337 _acomputer
_bc
_2rdamedia
338 _aonline resource
_bcr
_2rdacarrier
347 _atext file
_2rdaft
347 _bPDF
490 1 _aColección Gabriel García Márquez
504 _aIncludes bibliographical references.
588 0 _aOnline resource; title from PDF title page (Digitalia, viewed December 8, 2024)
600 1 0 _aGarcía Márquez, Gabriel,
_d1927-2014
_xCriticism and interpretation.
700 1 _aTete Mieles, Ricardo Adrián,
_eeditor.
776 0 8 _iPrint version:
_tTrastienda de Melquíades.
_bPrimera edición.
_dSanta Marta, Colombia : Editorial Unimagdalena, [2024]
_z9789587467468
791 2 _aDigitalia (Firm),
_edistributor.
793 0 _gDigitalia eBook Collection:
_aEdiciones Unimagdalena
830 0 _aColección Gabriel García Márquez (Ediciones Unimagdalena)
856 4 0 _3Digitalia Hispánica
_uhttps://www.digitaliapublishing.com/a/163208/
910 _aPremium collection: 2024
942 _cRAA
999 _c289686
_d289686